000 00487nam a2200193Ia 4500
005 20260622122849.0
008 131103s9999 xx 000 0 und d
040 _aLoreto College
041 _aEnglish
082 _a232
_bFUS
100 _aFuster, J M
245 _aGrowing in christ
_b A practical method
_cJ M Fuster
260 _aBombay
_bST.Paul
_c1981
300 _a210p.
650 _aChristianity
651 _aJesus christ & his family
850 _aLCLIB
942 _cBK
999 _c25432
_d75911